Dụng cụ quang học
Cơ sở quang học kỹ thuật:các định luật cơ bản cjủa quang hình học ,sự khúc xạ ánh sáng...;dụng cụ quang hay quang cụ:mắt,kính hiển vi,kính viễn vọng...
Сохранить в:
| Главный автор: | |
|---|---|
| Формат: | |
| Язык: | Vietnamese |
| Опубликовано: |
H.
1978
|
| Предметы: | |
| Метки: |
Добавить метку
Нет меток, Требуется 1-ая метка записи!
|
| Thư viện lưu trữ: | Mạng thư viện Đại học Đà Nẵng |
|---|
| LEADER | 01207nam a2200337 4500 | ||
|---|---|---|---|
| 001 | 000008229 | ||
| 003 | 4414 | ||
| 005 | 20111019151017.0 | ||
| 008 | 111014s1978 viesd | ||
| 041 | 0 | |a vie | |
| 082 | |a 535.0 |b NG-Q | ||
| 100 | 0 | |a Ngô Quốc Quýnh | |
| 245 | 0 | |a Dụng cụ quang học |c Ngô Quốc Quýnh | |
| 260 | |a H. |c 1978 | ||
| 300 | |a 185tr. |c 21 cm | ||
| 520 | |a Cơ sở quang học kỹ thuật:các định luật cơ bản cjủa quang hình học ,sự khúc xạ ánh sáng...;dụng cụ quang hay quang cụ:mắt,kính hiển vi,kính viễn vọng... | ||
| 650 | |a dụng cụ | ||
| 650 | |a Quang học | ||
| 653 | |a Quang học kỹ thuật | ||
| 653 | |a Quang cụ | ||
| 910 | |a Lê Thị Quỳnh |d 14/10/2011 | ||
| OWN | |a LSP | ||
| AVA | |a UDN50 |b LSP |d 535.0 NG-Q |e available |t Error 5001 Not defined in file expand_doc_bib_avail. |f 3 |g 2 |h N |i 0 |k 1 | ||
| 999 | |a From the UDN01 | ||
| AVA | |a UDN50 |b LSP |d 535.0 NG-Q |e available |t Error 5001 Not defined in file expand_doc_bib_avail. |f 3 |g 2 |h N |i 0 |k 1 | ||
| TYP | |a Monograph | ||
| TYP | |a Printed language | ||
| 980 | |a Mạng thư viện Đại học Đà Nẵng | ||